000 00714nam a22002177a 4500
003 NUST-PNEC
005 20170116180743.0
008 150105b xxu||||| |||| 00| 0 eng d
020 _a8185273138
040 _cPNEC
082 _a025.3 RAN
100 _91165
_aRanganathan Shiyali R
245 _aCataloguing practice
_cShiyali R Ranganathan
250 _a2nd ed.
260 _aBangalore
_bSarada Ranganathan Endowment for Library Science
_cc1989.
300 _a517 p.
_c21 cm.
500 _aIncludes index.
650 _xGeneral
856 _uhttp://www.amazon.com/Cataloguing-Practice-S-R-Ranganathan/dp/8185273138/ref=sr_1_1?s=books&ie=UTF8&qid=1420443935&sr=1-1&keywords=8185273138
942 _2ddc
_cBK
999 _c62241
_d62241